00000000nam##2200000za#4500
0019.684607
003CaOODSP
00520210615134317
007ta
008150407|2009||||xxc|||||     f|0| 0 fre|d
020 |a978-1-100-91598-2
040 |aCaOODSP|bfre
043 |an-cn---
0861 |aFs121-7/2008F
1101 |aCanada. |bMinistère des pêches et des océans.
24510|aRéseau des observateurs du capelan - bilan des activités 2008 / |cPublication de la Direction régionale des océans, de l'habitat et des espèces en péril.
260 |aMont-Joli - Québec : |bPêches et Océans Canada |cc2009.
300 |a27p. : |bcartes en couleur, tableaux, photographies ; |c22 cm.
563 |aCouverture souple
590 |a09-43|b2009-10-23
69107|aPoisson d'eau douce|2gcpds
77508|tThe Capelin Observers Network 2008 activity report / |w(CaOODSP)9.651588
7760#|tRéseau des observateurs du capelan - bilan des activités 2008 |w(CaOODSP)9.636443